| 000 | 00391nam a22001577a 4500 | ||
|---|---|---|---|
| 999 |
_c8013 _d8013 |
||
| 003 | OSt | ||
| 005 | 20190325155914.0 | ||
| 008 | 190325b ||||| |||| 00| 0 eng d | ||
| 040 | _cDLC | ||
| 082 |
_a494 _bR161S |
||
| 100 | _aRajan N.A | ||
| 245 |
_aSucishesha PRACHARANA douvthya _cN.a Rajan |
||
| 260 |
_aindia: _bDeepthi Publication: _cc. 2000 |
||
| 300 |
_a167 p.; _c20 cm |
||
| 942 |
_2ddc _cBK |
||